Bridge

Bibliographic Details
Main Author: Jourdain, Patrick
Format: Book
Published: London : Blandford , 1995
Series:Play the game
Subjects:

MARC

LEADER 00000cam a2200000 7i4500
001 0000016645
002 000018166
005 20000330.0
020 |a 0713724080 
090 0 0 |a 795.415   |b JOU 
100 1 |a Jourdain, Patrick 
245 1 0 |a Bridge   |c Patrick Jourdain 
260 |a London :   |b Blandford ,   |c 1995 
300 |a 80 p. :   |b ill. ;   |c 23 cm. 
490 0 |a Play the game 
650 0 0 |a Bridge 
999 |a 00069087   |b BUKU   |c PINJAMAN   |e PERPUSTAKAAN KOMUNITI PETALING JAYA 
999 |a 00069088   |b BUKU   |c PINJAMAN   |e PERPUSTAKAAN KOMUNITI PETALING JAYA